| 000 | 00841nam a2200205 i 4500 | ||
|---|---|---|---|
| 001 | 182437 | ||
| 003 | ES-MaACL | ||
| 005 | 20251214063016.0 | ||
| 008 | 130814s2007 pn |||| | spa d | ||
| 020 | _a978-9962-51-123-6 | ||
| 100 | 1 |
_aAgrippa von Nettesheim, Heinrich Cornelius, _d1486-1535 _9147833 |
|
| 245 | 1 | 0 |
_aDiscurso sobre la nobleza y superioridad del sexo femenino / _cescrito originalmente en latín por Henricus Cornelius Agrippa... ; versión en español de Demetrio Fábrega. |
| 260 |
_aPanamá : _bSibauste, _c2007. |
||
| 300 |
_aX, 38 p. ; _c27 cm. |
||
| 600 | 1 | 7 |
_aAgrippa von Nettesheim, Heinrich Cornelius, _d1486-1535. _tDe nobilitate et praecellentia foeminei sexus _9235772 |
| 700 | 1 |
_aFábrega, Demetrio, _d1881-1932 _9153253 |
|
| 852 |
_aES-MaACL _j2324-F-21 |
||
| 942 | _2udc | ||
| 999 |
_c182437 _d182437 |
||